000 01323nam a2200289 a 4500
005 20200104041539.0
008 131203b2003 ck ||||| |||| 00| 0 spa d
041 _aspa
044 _ack
090 _aIAvH
_b01595
245 0 0 _aProyecto Guacamayas,manejo sostenible de la pluma ornamental en el medio Rio Caquetá (Amazonas -Colombia) :
_bComunidades Nonuya, Uitoto, Upichía y Andoke de la región del medio Rio Caquetá, resumen ejecutivo
260 _aBogotá
_bMinambiente
_bInstituto Alexander von Humboldt
_bCORPOAMAZONIA
_bCORPOGUAJIRA
_bCORPOMOJANA
_bCVC
_bTropembos- Colombia
_c2003
300 _a20 p.
_c28 cm.
500 _aprograma uso y valoración de la biodiversidad Proyecto,Generación de alternativas productivas para el uso sostenible de la fauna silvestre como estrategia para disminuir el tráfico ilegal del recurso
650 4 _aUso sostenible de fauna silvestre
_93185
650 4 _aConservación de biodiversidad
_9345
650 4 _aAprovechamiento sostenible
_93189
650 4 _aGuacamayas
_93190
650 4 _aPlumas ornamentales
_93191
650 4 _aAves ornamentales
_93192
650 4 _aComunidad Nonuya
_93194
650 4 _aComunidad Uitoto
_93195
650 4 _aComunidad Upichia
_93196
650 4 _aComunidad Andoke
_93197
651 _aColombia
_zAmazonas
_926839
942 _cINFORME
_2z
999 _c3335
_d3335